|
|
|
|
| LEADER |
00773nam a2200253 a 4500 |
| 003 |
AR-BaBNM |
| 005 |
20260505104728.0 |
| 007 |
ta |
| 008 |
s2009 ag a|||br|||| ||||0|spa d |
| 020 |
|
|
|a 978-987-25310-4-1
|
| 040 |
|
|
|a AR-BaBNM
|b spa
|e aacr
|
| 080 |
|
|
|a P-1 8
|
| 245 |
0 |
0 |
|a Estaciones de lectura (...y escritura) 1
|
| 260 |
|
|
|a Buenos Aires :
|b Mandioca,
|c 2009
|
| 300 |
|
|
|a 2 ficheros
|
| 505 |
8 |
0 |
|g Fichero A :
|t Taller de escritura --
|g Fichero B :
|t Efemérides. Cuentos para armar.
|
| 650 |
|
4 |
|a Educación primaria
|9 7632
|
| 650 |
|
4 |
|a Enseñanza de la lectura
|9 7753
|
| 650 |
|
4 |
|a Enseñanza de la escritura
|9 7744
|
| 650 |
|
4 |
|a Actividades de aprendizaje
|9 6429
|
| 655 |
|
4 |
|a Libros de lectura
|
| 655 |
|
4 |
|a Libros de texto
|
| 942 |
|
|
|c LIBRO
|
| 999 |
|
|
|c 252129
|d 252129
|